Carne Fresca

Uloženo v:
Podrobná bibliografie
Hlavní autor: Duffy Stella
Médium: Kniha
Jazyk:neznámý jazyk
Vydáno: Venezia Marsilio 2006
Tagy: Přidat tag
Žádné tagy, Buďte první, kdo vytvoří štítek k tomuto záznamu!

MARC

LEADER 00000nam a2200000Ia 4500
001 193
003 NUMERAZIONE-ORIGINALE-BRESCIA
005 20260206230749.0
008 260206s9999 xx 000 0 und d
100 |a Duffy Stella 
245 0 |a Carne Fresca 
260 |a Venezia 
260 |b Marsilio 
260 |c 2006 
500 |a Farfalle 
942 |2 ddc  |c BK  |n 0 
952 |0 0  |1 0  |2 ddc  |4 0  |6 23  |7 0  |9 28393  |a BS  |b BS  |d 2026-02-06  |i 193  |l 0  |o 2-3-*  |r 2026-02-06 22:40:34  |w 2026-02-06  |x [REVISIONARE]  |y BK 
999 |c 24074  |d 24074